Zabytki z całego świata! - Statystyki

Ogólne statystyki
  • Ten quiz został rozwiązany 431 razy
  • Średni wynik to 14 z 39
Statystyki odpowiedzi
Obrazkowy Hint Odpowiedź % Poprawnych
Piza, Włochy Krzywa Wieża w Pizie
96%
Warszawa, Polska Pałac Kultury i Nauki
95%
Paryż, Francja Wieża Eiffla
93%
Londyn, Wlk. Brytania Big Ben
86%
Nowy Jork, USA Statua Wolności
86%
Rzym, Włochy Koloseum
84%
Kraków, Polska Zamek na Wawelu
79%
Giza, Egipt Wielki Sfinks w Gizie
75%
Waszyngton, USA Biały Dom
74%
Paryż, Francja Luwr
73%
Berlin, Niemcy Brama Brandenburska
70%
Północne Chiny Wielki Mur Chiński
69%
Ateny, Grecja Partenon
59%
USA, głównie Arizona Wielki Kanion Kolorado
58%
Agra, Indie Tadż Mahal
48%
Sydney, Australia Wielka Opera w Sydney
45%
Granica kanadyjsko-amerykańska Wodospad Niagara
45%
Nowy Jork, USA Empire State Building
44%
San Francisco, USA Golden Gate
38%
Sankt Petersburg, Rosja Pałac Zimowy
19%
Rio de Janeiro, Brazylia Pomnik Chrystusa Odkupiciela
19%
Dubaj, ZEA Burdż Chalifa
15%
Bruksela, Belgia Atomium
12%
Szwajcaria Matterhorn
11%
Toronto, Kanada CN Tower
7%
Granica kazachsko-uzbecka Jezioro Aralskie
7%
Himeji, Japonia Zamek Himeji
6%
Lhasa, Chiny Pałac Potala
5%
Jerozolima, Izrael Kopuła na Skale
4%
Chichén Itzá, Meksyk Piramida Kukulkana
2%
Amritsar, Indie Złota Świątynia
2%
Belgrad, Serbia Cerkiew św. Sawy
1%
Ankara, Turcja Meczet Kocatepe
1%
Samarkanda, Uzbekistan Plac Registan
1%
Kijów, Ukraina Pomnik Michała Archanioła
1%
Makau, Chiny Posąg Guanyin
1%
Granica brazylijsko-wenezuelsko-gujańska Roraima
1%
Isfahan, Iran Meczet Królewski
0%
Singapur Pomnik Merliona
0%
Nie znaleziono quizów pasujących do podanych kryteriów
Rozkład punktacji
Procent ludzi z każdym wynikiem
Percentyl według liczby udzielonych odpowiedzi
Twoja historia wyników
Nie rozwiązałeś tego quizu